000 01201nam a22003497a 4500
003 CHAP
005 20220329133439.0
008 971013s1992 r 00010 d
010 _a6502
011 _a7474
035 _a6697
040 _cCHAP
090 _aTesis
100 0 0 _aMorales Santacruz, J. Trinidad.
_978414
245 _aDeterminación de dos modelos óptimos de transporte mediante programación lineal
_b: el caso del sorgo grano de México
260 _aChapingo, Méx. :
_bEl autor,
_c1992
300 _a137 h.
_b; mapas
500 _a62-143
502 _aTesis (Ing. Agr. Esp. en Economía Agrícola) -- UACH. Departamento de Economía Agrícola
590 _aALEPH
_b10
_c20130110
_lUCH01
_h1219
590 _aBATCH-UPD
_b10
_c20130110
_lUCH01
_h1943
590 _aBATCH-UPD
_b10
_c20130410
_lUCH01
_h1306
590 _aBATCH-UPD
_b10
_c20130914
_lUCH01
_h1943
590 _aCONVERSION
_b10
_c20130109
_lUCH01
_h1305
650 1 4 _aProgramación lineal.
_992371
650 1 4 _aSorgo
_xAspectos económicos.
_9108629
650 1 4 _aSorgo
_xMercadeo.
_9108695
650 1 4 _aSorgo
_xTransporte.
_9108728
901 _aBK
942 _cTESIS
949 _bBC
_cTES
_d-16305
_eTS1
_h25204
_i6697
_si
999 _c6502
_d6502